000 00368nam a22001577a 4500
003 OSt
005 20240322130503.0
008 170729b xxu||||| |||| 00| 0 eng d
020 _a 978-8122408140
040 _cSEROSOFT
100 _aVERMANI,O.P
245 _aAPPLIED CHEMISTRY
260 _aDELHI
_bNEW AGE INTERNATIONAL
_c2001
300 _a321
942 _2ddc
_c03
999 _c35975
_d35975